00900nam a2200145Ia 4500008004100000020001500041050002500056100003000081245006300111250001900174260003500193300003100228505047400259650002100733120625s2005 mx 001 0 spa d a9682465737 4aJL1220.A5 bB39 2005 aBazdresch, Luise , autor13aEl juicio de amparo b : curso general c / Luis Bazdresch a7a. edición  aMéxicob : Trillas c , 2005 a359 páginas c ; 23 cm. 0 aLos preceptos constitucionales Bases técnicas fundamentales Prevenciones primordiales Procedencia Jurisdicción y competencia Notificaciones Términos Incidentes Impedimentos Acumulación Substanciación del juicio de amparo ante los juzgados de distrito y tribunal único de circuito El juicio de amparo en única instancia o directo El sobreseimento Sentencias Recursos Ejecución Jurisprudencia Responsabilidad El amparo en materia agraria  4aAMPAROzMÉXICO